The Malaysian standard form of building contract (PAM/ISM 69)

Bibliographic Details
Main Author: Powell-Smith, Vincent (Author)
Corporate Authors: Institution of Surveyors of Malaysia, Pertubuhan Arkitek Malaysia
Format: Book
Language:English
Published: Kuala Lumpur Singapore : Malayan law Journal , 1990
Subjects:

MARC

LEADER 00000cam a2200000 7i4500
001 0000020004
005 20160418093000.0
008 021119s1990 my eng
020 |a 0409995924 
050 0 0 |a d8 KPG861   |b .P69 1990 
090 0 0 |a d8 KPG861   |b .P69 1990 
100 0 |a Powell-Smith, Vincent ,   |e author 
245 1 4 |a The Malaysian standard form of building contract (PAM/ISM 69)   |c Professor Vincent Powell-Smith 
260 |a Kuala Lumpur   |a Singapore :   |b Malayan law Journal ,   |c 1990 
300 |a xiii, 171 p. ;   |c 25 cm. 
501 |a Includes index 
650 0 |a Building contracts and specifications   |z Malaysia 
710 1 |a Institution of Surveyors of Malaysia 
710 1 |a Pertubuhan Arkitek Malaysia 
999 |a 1000039565   |b Book   |c Reference   |e Gong Badak Campus 
999 |a 1000039566   |b Book   |c Reference   |e Gong Badak Campus